000
00268nam a2200109Ia 4500
008
200302s9999 xx 000 0 und d
100
_a
Stone Wu
245
_a
Landscape record Planting design
260
_b
Bimonthly by profession design
260
_c
2015
300
_a
128
999
_c
6202
_d
6202